[Event "Crema op-A 17th"]
[Site "Crema"]
[Date "2016.09.03"]
[Round "2"]
[White "Borin, Fabio"]
[Black "Vuelban, Virgilio"]
[Result "1/2-1/2"]
[WhiteElo "2119"]
[BlackElo "2306"]
[PlyCount "107"]
[EventDate "2016.09.02"]
[EventType "swiss"]
[EventRounds "6"]
[EventCountry "ITA"]
[SourceTitle "EXT 2018"]
[Source "ChessBase"]
[SourceDate "2017.10.13"]
[SourceVersion "1"]
[SourceVersionDate "2017.10.13"]
[SourceQuality "1"]

1. e4 c5 2. Nc3 Nc6 3. Bb5 Nd4 4. Bc4 e6 5. Nge2 Ne7 6. 0-0 Nec6 7. d3 Be7 8. Ng3 a6 9. f4 b5 10. Bb3 b4 11. Na4 d5 12. f5 Nxb3 13. axb3 0-0 14. Nh5 exf5 15. exf5 Kh8 16. Nxg7 Kxg7 17. Qh5 Kh8 18. Bh6 Rg8 19. Qxf7 Ne5 20. Qh5 Ng4 21. Bf4 Nf6 22. Qe2 Bd6 23. Rae1 Ra7 24. Be5 Rag7 25. g3 d4 26. Bxd6 Qxd6 27. Rf2 Bb7 28. Qe6 Rxg3+ 29. hxg3 Qxg3+ 30. Kf1 Qh3+ 31. Ke2 Re8 32. Kd1 Rxe6 33. fxe6 Qh4 34. Ref1 Ng8 35. Rf7 Bd5 36. Nxc5 Bxe6 37. Nxe6 Qg4+ 38. Kc1 Qxe6 39. Rb7 h5 40. Rxb4 Qe2 41. Rd1 h4 42. c3 Ne7 43. Rxd4 Nf5 44. Re4 Qg2 45. Re8+ Kh7 46. d4 h3 47. Ree1 Qg5+ 48. Kb1 Ng3 49. d5 h2 50. d6 Qf5+ 51. Ka2 Qa5+ 52. Kb1 Qf5+ 53. Ka2 Qa5+ 54. Kb1 1/2-1/2

[Event "Milan Befana op"]
[Site "Milan"]
[Date "2014.01.04"]
[Round "3"]
[White "Gagliardi, Christian"]
[Black "Borin, Fabio"]
[Result "1-0"]
[WhiteElo "2198"]
[BlackElo "2105"]
[PlyCount "57"]
[EventDate "2014.01.02"]
[EventType "swiss"]
[EventRounds "7"]
[EventCountry "ITA"]
[SourceTitle "EXT 2015"]
[Source "ChessBase"]
[SourceDate "2014.11.20"]
[SourceVersion "1"]
[SourceVersionDate "2014.11.20"]
[SourceQuality "1"]

1. c4 e5 2. Nc3 Nc6 3. g3 f5 4. d3 Bb4 5. Bd2 Nf6 6. Bg2 0-0 7. a3 Bxc3 8. Bxc3 d6 9. Nh3 f4 10. Ng5 Ng4 11. Nf3 fxg3 12. hxg3 a5 13. Qd2 h6 14. e4 Qe8 15. Kf1 a4 16. Kg1 b6 17. Rf1 Na5 18. Ne1 Nb3 19. Qe2 Qg6 20. Nc2 Bd7 21. Rh4 Rf7 22. f4 h5 23. f5 Qg5 24. Bf3 Nc1 25. Qd1 Ne3 26. Nxe3 Qxe3+ 27. Kg2 Nxd3 28. Bxh5 Rf6 29. Rf3 1-0

[Event "Lesa op 2nd"]
[Site "Lesa"]
[Date "2013.09.21"]
[Round "3"]
[White "Borin, Fabio"]
[Black "Gemelli, Giovanni"]
[Result "1-0"]
[WhiteElo "2103"]
[BlackElo "1854"]
[PlyCount "57"]
[EventDate "2013.09.20"]
[EventType "swiss"]
[EventRounds "5"]
[EventCountry "ITA"]
[SourceTitle "EXT 2015"]
[Source "ChessBase"]
[SourceDate "2014.11.20"]
[SourceVersion "1"]
[SourceVersionDate "2014.11.20"]
[SourceQuality "1"]

1. d4 Nf6 2. Nf3 g6 3. Nc3 d5 4. Bf4 a6 5. Qd2 Bg7 6. Bh6 0-0 7. h4 Nc6 8. h5 Bxh6 9. Qxh6 Ng4 10. Qf4 b5 11. Rh4 b4 12. Na4 Qd6 13. Rxg4 Bxg4 14. Qxg4 a5 15. e3 e5 16. dxe5 Nxe5 17. Nxe5 Qxe5 18. Be2 c5 19. 0-0-0 Qd6 20. hxg6 hxg6 21. Bf3 Rac8 22. Bxd5 Qf6 23. f4 c4 24. e4 b3 25. axb3 cxb3 26. Bxb3 Qc6 27. f5 Rb8 28. Bd5 Qxa4 29. Qxg6+ 1-0

[Event "Schoenenwerd Weekend op"]
[Site "Schoenenwerd"]
[Date "2012.02.11"]
[Round "2"]
[White "Borin, Fabio"]
[Black "Molina, Roberto Junio Brito"]
[Result "0-1"]
[WhiteElo "2110"]
[BlackElo "2415"]
[PlyCount "48"]
[EventDate "2012.02.10"]
[EventType "swiss"]
[EventRounds "5"]
[EventCountry "SUI"]
[SourceTitle "EXT 2022"]
[Source "ChessBase"]
[SourceDate "2021.10.06"]
[SourceVersion "1"]
[SourceVersionDate "2021.10.06"]
[SourceQuality "1"]

1. d4 d5 2. Bf4 Nf6 3. e3 c5 4. c3 Nc6 5. Nd2 Qb6 6. Qb1 g6 7. Bd3 Nh5 8. Ne2 Nxf4 9. Nxf4 e6 10. h4 cxd4 11. cxd4 Bh6 12. g3 Bd7 13. 0-0 Bxf4 14. gxf4 Nxd4 15. exd4 Qxd4 16. Nf3 Qxf4 17. Qd1 0-0 18. Re1 Bc6 19. Rc1 Rac8 20. Bf1 Rfd8 21. Bg2 d4 22. h5 Qg4 23. hxg6 hxg6 24. Re5 Bxf3 0-1

[Event "San Bernardino op 1st"]
[Site "San Bernardino"]
[Date "2011.06.30"]
[Round "2.7"]
[White "Borin, Fabio"]
[Black "Albicker, Laurenz"]
[Result "1-0"]
[WhiteElo "2114"]
[BlackElo "1526"]
[PlyCount "41"]
[EventDate "2011.06.29"]
[EventType "swiss"]
[EventRounds "5"]
[EventCountry "SUI"]
[SourceTitle "EXT 2012"]
[Source "ChessBase"]
[SourceDate "2011.11.24"]
[SourceVersion "1"]
[SourceVersionDate "2011.11.24"]
[SourceQuality "1"]

1. d4 d5 2. Bf4 e6 3. Nf3 Nf6 4. e3 Bd6 5. Ne5 0-0 6. Bd3 c5 7. c3 c4 8. Bc2 Nc6 9. Nd2 Qc7 10. Ndf3 Nh5 11. Bxh7+ Kh8 12. Ng5 Nxf4 13. exf4 g6 14. Bxg6 Kg7 15. Bc2 f6 16. Qh5 Kg8 17. Bh7+ Kh8 18. Bg6+ Kg8 19. Ngf7 Rxf7 20. Bxf7+ Kf8 21. Qh8+ 1-0

[Event "Paradiso op 6th"]
[Site "Paradiso"]
[Date "2011.05.15"]
[Round "4"]
[White "Borin, Fabio"]
[Black "Patuzzo, Fabrizio"]
[Result "1/2-1/2"]
[WhiteElo "2114"]
[BlackElo "2264"]
[PlyCount "149"]
[EventDate "2011.05.13"]
[EventType "swiss"]
[EventRounds "5"]
[EventCountry "SUI"]
[SourceTitle "CBM 142 Extra"]
[Source "ChessBase"]
[SourceDate "2011.06.27"]
[SourceVersion "1"]
[SourceVersionDate "2011.06.27"]
[SourceQuality "1"]

1. e4 c6 2. Nc3 d5 3. Nf3 Bg4 4. d4 e6 5. Bd3 Bb4 6. 0-0 Ne7 7. h3 Bh5 8. a3 Bxc3 9. bxc3 Bg6 10. e5 Nd7 11. a4 c5 12. Ba3 0-0 13. a5 a6 14. Nh4 Nc6 15. Nxg6 hxg6 16. Qg4 Re8 17. Rfe1 Qxa5 18. Bb2 Qb6 19. Rab1 Qc7 20. Bc1 cxd4 21. cxd4 b5 22. Re3 Ne7 23. h4 Nf5 24. Rh3 Qc3 25. h5 Qxd4 26. Bxf5 Qxg4 27. Bxg4 Nxe5 28. Bd1 gxh5 29. Rxh5 Nc4 30. Rb3 f6 31. Rbh3 Kf7 32. Rh7 Rg8 33. Rg3 Kf8 34. Rgh3 a5 35. Be2 b4 36. Rb3 Nd6 37. c3 Rc8 38. Bb2 Ne4 39. cxb4 a4 40. Re3 Kf7 41. Bh5+ Ke7 42. Ba3 Ng5 43. Bg6 Nxh7 44. Bxh7 d4 45. b5+ Kd7 46. Re4 e5 47. Bxg8 Rxg8 48. f4 Ke6 49. fxe5 fxe5 50. Rg4 Kd5 51. b6 g5 52. Kf2 Rb8 53. Rxg5 Rxb6 54. Rg8 Rb3 55. Rd8+ Ke4 56. Bd6 Rb2+ 57. Kg1 d3 58. Bxe5 Kxe5 59. Rxd3 Rb3 60. Rd8 a3 61. Kh2 Ke4 62. Ra8 Kd3 63. Kh3 Kc2+ 64. Kh4 Kb2 65. g4 a2 66. Rxa2+ Kxa2 67. g5 Rb1 68. g6 Kb3 69. Kg5 Kc4 70. g7 Kc5 71. Kf6 Rf1+ 72. Ke7 Re1+ 73. Kf7 Rg1 74. g8Q Rxg8 75. Kxg8 1/2-1/2

[Event "Paradiso op 6th"]
[Site "Paradiso"]
[Date "2011.05.14"]
[Round "2"]
[White "Salvetti, Alec"]
[Black "Borin, Fabio"]
[Result "0-1"]
[WhiteElo "2266"]
[BlackElo "2114"]
[PlyCount "97"]
[EventDate "2011.05.13"]
[EventType "swiss"]
[EventRounds "5"]
[EventCountry "SUI"]
[SourceTitle "CBM 142 Extra"]
[Source "ChessBase"]
[SourceDate "2011.06.27"]
[SourceVersion "1"]
[SourceVersionDate "2011.06.27"]
[SourceQuality "1"]

1. c4 e5 2. g3 Nc6 3. Bg2 f5 4. Nc3 Nf6 5. d3 Bb4 6. Bd2 0-0 7. Nf3 d6 8. 0-0 Bxc3 9. Bxc3 Qe8 10. e3 a5 11. b3 f4 12. exf4 exf4 13. Qd2 Qh5 14. h4 Bg4 15. Nh2 f3 16. Bh1 h6 17. Qd1 Nd7 18. Re1 Rf7 19. Re4 Bh3 20. Bxf3 Qc5 21. d4 Qb6 22. Bh5 Rff8 23. Ng4 a4 24. f4 axb3 25. axb3 Rxa1 26. Bxa1 Qa5 27. Nf2 Bf5 28. Re1 Nf6 29. Bf3 Bc2 30. Qc1 Bxb3 31. Re3 Ba4 32. d5 Nb8 33. Bc3 Qc5 34. Re7 Re8 35. Bxf6 gxf6 36. Rxe8+ Bxe8 37. Kg2 Bb5 38. Qb1 Qxc4 39. Qg6+ Kh8 40. Qxh6+ Kg8 41. Qg6+ Kf8 42. Qxf6+ Kg8 43. Qg6+ Kf8 44. Qf5+ Kg8 45. Qg4+ Kf8 46. Qf5+ Kg8 47. Qe6+ Kh8 48. Bh5 Nd7 49. Qh6+ 0-1

[Event "Milan Crespi op-A 31st"]
[Site "Milan"]
[Date "2010.12.10"]
[Round "8"]
[White "Astengo, Corrado"]
[Black "Borin, Fabio"]
[Result "1-0"]
[WhiteElo "2139"]
[BlackElo "2141"]
[PlyCount "63"]
[EventDate "2010.12.04"]
[EventType "swiss"]
[EventRounds "9"]
[EventCountry "ITA"]
[SourceTitle "CBM 139 Extra"]
[Source "ChessBase"]
[SourceDate "2011.01.05"]
[SourceVersion "1"]
[SourceVersionDate "2011.01.05"]
[SourceQuality "1"]

1. e4 c5 2. Nf3 g6 3. d4 cxd4 4. Nxd4 Nf6 5. Nc3 Nc6 6. Be3 Bg7 7. Nxc6 bxc6 8. e5 Ng8 9. Bd4 Nh6 10. e6 f6 11. exd7+ Bxd7 12. Bc4 Nf5 13. Bc5 Rb8 14. 0-0 Qa5 15. Ba3 c5 16. Qd5 e6 17. Rae1 Rb6 18. Bxc5 Rc6 19. Bb5 Qc7 20. Bxc6 Qxc6 21. Qxc6 Bxc6 22. Rxe6+ Kd7 23. Rfe1 h5 24. Re7+ Kc8 25. Rxa7 Kb8 26. Ra6 Kb7 27. Rb6+ Kc7 28. Re6 Bd7 29. Nd5+ Kc8 30. Re4 Rh7 31. Rc4 Be8 32. Be7+ 1-0

[Event "Milan Crespi op-A 31st"]
[Site "Milan"]
[Date "2010.12.07"]
[Round "4"]
[White "Borin, Fabio"]
[Black "Astengo, Marcello"]
[Result "1-0"]
[WhiteElo "2141"]
[BlackElo "2070"]
[PlyCount "67"]
[EventDate "2010.12.04"]
[EventType "swiss"]
[EventRounds "9"]
[EventCountry "ITA"]
[SourceTitle "CBM 139 Extra"]
[Source "ChessBase"]
[SourceDate "2011.01.05"]
[SourceVersion "1"]
[SourceVersionDate "2011.01.05"]
[SourceQuality "1"]

1. e4 e6 2. d4 d5 3. e5 c5 4. c3 Nc6 5. Be3 Nge7 6. Bd3 Nf5 7. Nf3 Nh4 8. Nxh4 Qxh4 9. Nd2 cxd4 10. cxd4 Bd7 11. Nf3 Bb4+ 12. Kf1 Qd8 13. Rc1 Be7 14. a3 a5 15. h4 Qb6 16. Qe2 a4 17. h5 h6 18. g4 Na5 19. Kg2 Nb3 20. Rcd1 Rc8 21. Rh3 Na5 22. Rg3 Nc4 23. Bc1 f6 24. Nh4 0-0 25. Ng6 Rce8 26. Nxe7+ Rxe7 27. exf6 Rxf6 28. g5 Rff7 29. gxh6 e5 30. Bg6 Rf8 31. Bg5 Re6 32. hxg7 Kxg7 33. Bf5 Kh8 34. Qg4 1-0

[Event "Milan SSM August"]
[Site "Milan"]
[Date "2010.08.04"]
[Round "7"]
[White "Borin, Fabio"]
[Black "Gonella, Daniele"]
[Result "1/2-1/2"]
[WhiteElo "2132"]
[BlackElo "1982"]
[PlyCount "48"]
[EventDate "2010.07.30"]
[EventType "swiss"]
[EventRounds "7"]
[EventCountry "ITA"]
[SourceTitle "EXT 2024"]
[Source "ChessBase"]
[SourceDate "2023.10.10"]
[SourceVersion "1"]
[SourceVersionDate "2023.10.10"]
[SourceQuality "1"]

1. e4 e5 2. Nf3 Nc6 3. Nc3 Bb4 4. Nd5 Bc5 5. c3 Nf6 6. d4 exd4 7. cxd4 Nxd5 8. dxc5 Nf6 9. Bd3 0-0 10. 0-0 d6 11. Bg5 Bg4 12. Bb5 Qe7 13. Bxc6 bxc6 14. cxd6 cxd6 15. Qd4 Qxe4 16. Bxf6 Bxf3 17. Qxe4 Bxe4 18. Be7 Rfb8 19. b3 d5 20. Rfc1 Rc8 21. Bc5 a5 22. Bb6 Rcb8 23. Bc5 Rc8 24. Bb6 Rcb8 1/2-1/2

[Event "Milan SSM August"]
[Site "Milan"]
[Date "2010.08.03"]
[Round "6"]
[White "Crippa, Gabriele"]
[Black "Borin, Fabio"]
[Result "0-1"]
[WhiteElo "2090"]
[BlackElo "2132"]
[PlyCount "66"]
[EventDate "2010.07.30"]
[EventType "swiss"]
[EventRounds "7"]
[EventCountry "ITA"]
[SourceTitle "EXT 2024"]
[Source "ChessBase"]
[SourceDate "2023.10.10"]
[SourceVersion "1"]
[SourceVersionDate "2023.10.10"]
[SourceQuality "1"]

1. b4 c6 2. Bb2 a5 3. a3 axb4 4. axb4 Rxa1 5. Bxa1 Qb6 6. c3 d5 7. Nf3 Bf5 8. d3 Nd7 9. Qa4 Qc7 10. g3 e6 11. Nbd2 Ngf6 12. Bg2 Bd6 13. c4 0-0 14. c5 Be7 15. 0-0 b6 16. Nd4 b5 17. Qa6 Rc8 18. Nxf5 exf5 19. Bc3 Nb8 20. Qa3 f4 21. Qb2 fxg3 22. hxg3 Re8 23. Nb3 Nbd7 24. Ra1 Bf8 25. Nd4 g6 26. Ra6 Nb8 27. Ra2 Ng4 28. Qa1 Bh6 29. Bd2 Bg7 30. Bc3 Bh6 31. Bh3 Be3 32. fxe3 Qxg3+ 33. Bg2 Nxe3 0-1

[Event "Milan SSM August"]
[Site "Milan"]
[Date "2010.08.01"]
[Round "4"]
[White "Cani, Gazmir"]
[Black "Borin, Fabio"]
[Result "0-1"]
[WhiteElo "2060"]
[BlackElo "2132"]
[PlyCount "64"]
[EventDate "2010.07.30"]
[EventType "swiss"]
[EventRounds "7"]
[EventCountry "ITA"]
[SourceTitle "EXT 2024"]
[Source "ChessBase"]
[SourceDate "2023.10.10"]
[SourceVersion "1"]
[SourceVersionDate "2023.10.10"]
[SourceQuality "1"]

1. d4 d6 2. c4 e5 3. Nf3 e4 4. Ng5 Nf6 5. Nc3 Bf5 6. Qb3 Nc6 7. Be3 a5 8. 0-0-0 h6 9. Nh3 a4 10. Qxb7 Na5 11. Qb4 d5 12. c5 Nc4 13. Qb5+ c6 14. Qxc6+ Bd7 15. Qb7 Rb8 16. Qa6 Nxb2 17. Bf4 Nxd1 18. Kxd1 Qc8 19. e3 Qxa6 20. Bxa6 Rb2 21. Kc1 a3 22. Be5 Be6 23. Nf4 Nd7 24. Bc7 Nf6 25. f3 g5 26. Be5 gxf4 27. Bxf6 Rg8 28. fxe4 Rgxg2 29. exd5 Rgc2+ 30. Kd1 Rxc3 31. dxe6 fxe3 32. e7 Rd2+ 0-1

[Event "Martesana-ch"]
[Site "Cologno Monzese"]
[Date "2010.05.25"]
[Round "2"]
[White "Borgni, Cristiano"]
[Black "Borin, Fabio"]
[Result "0-1"]
[WhiteElo "1789"]
[BlackElo "2106"]
[PlyCount "26"]
[EventDate "2010.05.21"]
[EventType "swiss"]
[EventRounds "7"]
[EventCountry "ITA"]
[SourceTitle "EXT 2024"]
[Source "ChessBase"]
[SourceDate "2023.10.10"]
[SourceVersion "1"]
[SourceVersionDate "2023.10.10"]
[SourceQuality "1"]

1. d4 d6 2. Nf3 Nf6 3. c4 Nbd7 4. Nc3 c5 5. Qa4 cxd4 6. Nxd4 g6 7. g3 Bg7 8. f3 0-0 9. Qd1 Qb6 10. Nb3 a5 11. a4 Ne5 12. Nd2 Qe3 13. Bg2 Nd3+ 0-1

[Event "Milan Palladino Memorial"]
[Site "Milan"]
[Date "2010.04.06"]
[Round "6"]
[White "Gonella, Daniele"]
[Black "Borin, Fabio"]
[Result "0-1"]
[WhiteElo "1918"]
[BlackElo "2107"]
[PlyCount "106"]
[EventDate "2010.04.01"]
[EventType "swiss"]
[EventRounds "6"]
[EventCountry "ITA"]
[SourceTitle "EXT 2024"]
[Source "ChessBase"]
[SourceDate "2023.10.10"]
[SourceVersion "1"]
[SourceVersionDate "2023.10.10"]
[SourceQuality "1"]

1. e4 d6 2. d4 Nf6 3. Nc3 Nbd7 4. Nf3 e5 5. dxe5 dxe5 6. Bg5 Bb4 7. Bd3 h6 8. Bd2 c6 9. 0-0 g5 10. Ne2 Bd6 11. Bc3 Qc7 12. Ng3 Nc5 13. Nd2 Na4 14. Nc4 Nxc3 15. Nxd6+ Qxd6 16. bxc3 Qc5 17. Qf3 Ke7 18. c4 Bg4 19. Nf5+ Kf8 20. Qe3 Nd7 21. Qxc5+ Nxc5 22. Ne3 Be6 23. Rab1 b6 24. g3 Rd8 25. Rfd1 Rd7 26. f3 Ke7 27. g4 Rhd8 28. Bf1 Nb7 29. Rxd7+ Rxd7 30. Bd3 Kd6 31. Kf2 Kc5 32. Rg1 Na5 33. Rg3 f6 34. Rh3 Rh7 35. a3 Nxc4 36. Bxc4 Bxc4 37. Nf5 Be6 38. Nxh6 Kc4 39. Ke1 Kc3 40. f4+ Kxc2 41. fxg5 fxg5 42. Rh5 Bxg4 43. Rxg5 Rxh6 44. Rxg4 Rxh2 45. Rg5 Rh4 46. Rxe5 Kd3 47. Rg5 Rxe4+ 48. Kd1 Kc4 49. Rg7 a5 50. Rg6 Kb5 51. Rg5+ Ka4 52. Rg6 Rc4 53. Rg3 b5 0-1

[Event "Milan Crespi op-A 30th"]
[Site "Milan"]
[Date "2009.12.09"]
[Round "6"]
[White "Borin, Fabio"]
[Black "Stromboli, Ettore"]
[Result "0-1"]
[WhiteElo "2104"]
[BlackElo "2260"]
[PlyCount "46"]
[EventDate "2009.12.05"]
[EventType "swiss"]
[EventRounds "9"]
[EventCountry "ITA"]
[SourceTitle "EXT 2012"]
[Source "ChessBase"]
[SourceDate "2011.11.24"]
[SourceVersion "1"]
[SourceVersionDate "2011.11.24"]
[SourceQuality "1"]

1. e4 e6 2. d4 d5 3. Nc3 Bb4 4. e5 c5 5. dxc5 Ne7 6. Qg4 Nbc6 7. Qxg7 Rg8 8. Qh6 d4 9. a3 dxc3 10. axb4 Qd4 11. Qe3 cxb2 12. Qxd4 bxc1Q+ 13. Rxc1 Nxd4 14. c3 Ndf5 15. Nf3 Bd7 16. Nd2 Bc6 17. f3 Ng6 18. Nc4 Bb5 19. Nb6 Bxf1 20. Nxa8 Bxg2 21. Rg1 Nxe5 22. Ke2 Kd7 23. f4 Ng6 0-1

[Event "Milan Crespi op-A 30th"]
[Site "Milan"]
[Date "2009.12.05"]
[Round "1"]
[White "Borin, Fabio"]
[Black "Damia, Angelo"]
[Result "1/2-1/2"]
[WhiteElo "2104"]
[BlackElo "2338"]
[PlyCount "38"]
[EventDate "2009.12.05"]
[EventType "swiss"]
[EventRounds "9"]
[EventCountry "ITA"]
[SourceTitle "EXT 2012"]
[Source "ChessBase"]
[SourceDate "2011.11.24"]
[SourceVersion "1"]
[SourceVersionDate "2011.11.24"]
[SourceQuality "1"]

1. e4 b6 2. d4 Bb7 3. Bd3 e6 4. Nf3 c5 5. 0-0 cxd4 6. Nxd4 Nc6 7. Be3 Nf6 8. Nc3 Be7 9. Nxc6 dxc6 10. a4 Qc7 11. a5 bxa5 12. Na4 c5 13. Bb5+ Kf8 14. f3 h5 15. Qe2 h4 16. Rfd1 a6 17. Bc4 Rh5 18. Qd2 Rd8 19. Qe2 Ra8 1/2-1/2

[Event "Pavia op"]
[Site "Pavia"]
[Date "2009.02.14"]
[Round "2"]
[White "Kusnetsov, Mark"]
[Black "Borin, Fabio"]
[Result "1-0"]
[WhiteElo "2038"]
[BlackElo "2110"]
[PlyCount "71"]
[EventDate "2009.02.13"]
[EventType "swiss"]
[EventRounds "5"]
[EventCountry "ITA"]
[SourceTitle "CBM 129 Extra"]
[Source "ChessBase"]
[SourceDate "2009.05.05"]
[SourceVersion "2"]
[SourceVersionDate "2009.05.20"]
[SourceQuality "1"]

1. Nf3 c5 2. g3 g6 3. Bg2 Bg7 4. 0-0 Nc6 5. c4 Nf6 6. Nc3 0-0 7. d4 cxd4 8. Nxd4 Qb6 9. Nb3 Qb4 10. c5 Rd8 11. Bf4 d5 12. cxd6 e5 13. Bg5 Rxd6 14. Qc1 Nd4 15. Nxd4 exd4 16. Bxf6 Bxf6 17. Nd5 Qa5 18. Qf4 Rxd5 19. Qxf6 Qd8 20. Qf4 Rb5 21. Rfd1 Rxb2 22. Rxd4 Qe7 23. Re4 Be6 24. Rc1 Rxa2 25. h4 Kg7 26. h5 g5 27. Qe3 Ra3 28. Qd4+ Qf6 29. h6+ Kg6 30. Rxe6 Qxe6 31. Qg7+ Kh5 32. e3 Rxe3 33. fxe3 Qxe3+ 34. Kh2 b5 35. Bxa8 Qxc1 36. Bf3+ 1-0

[Event "Robecchetto op-A 19th"]
[Site "Robecchetto"]
[Date "2008.12.29"]
[Round "4"]
[White "Borin, Fabio"]
[Black "Rota, Simone"]
[Result "1-0"]
[WhiteElo "2130"]
[BlackElo "1864"]
[PlyCount "85"]
[EventDate "2008.12.27"]
[EventType "swiss"]
[EventRounds "6"]
[EventCountry "ITA"]
[SourceTitle "EXT 2011"]
[Source "ChessBase"]
[SourceDate "2010.11.26"]
[SourceVersion "1"]
[SourceVersionDate "2010.11.26"]
[SourceQuality "1"]

1. d4 d5 2. c4 c6 3. cxd5 cxd5 4. Nf3 Nf6 5. Nc3 Nc6 6. Bf4 Qb6 7. e3 a6 8. a3 Bg4 9. Na4 Qa7 10. b4 e6 11. Qc2 Bxf3 12. gxf3 Be7 13. Nc5 Rc8 14. Qb2 Nh5 15. Bg3 Nxg3 16. hxg3 Bf6 17. f4 Nb8 18. Bd3 g6 19. Qe2 Nd7 20. Rb1 Qb6 21. 0-0 Nxc5 22. bxc5 Qc7 23. Rb6 0-0 24. Rfb1 Qd7 25. Rxb7 Qa4 26. R1b3 Ra8 27. R7b6 Bd8 28. Rb7 Re8 29. Qb2 Ba5 30. Kg2 Qc6 31. g4 Rec8 32. Qe2 Bc7 33. g5 Kg7 34. Rb1 Rh8 35. Bxa6 Rxa6 36. Rxc7 Qa4 37. Rb3 Ra5 38. Qb2 Qc4 39. Rbb7 Rf8 40. Qb4 Qa6 41. Rb6 Qa8 42. Rxe6 Rxa3 43. Qb7 1-0

[Event "Robecchetto op-A 19th"]
[Site "Robecchetto"]
[Date "2008.12.29"]
[Round "5"]
[White "Ranfagni, Stefano"]
[Black "Borin, Fabio"]
[Result "1/2-1/2"]
[WhiteElo "2047"]
[BlackElo "2130"]
[PlyCount "36"]
[EventDate "2008.12.27"]
[EventType "swiss"]
[EventRounds "6"]
[EventCountry "ITA"]
[SourceTitle "EXT 2011"]
[Source "ChessBase"]
[SourceDate "2010.11.26"]
[SourceVersion "1"]
[SourceVersionDate "2010.11.26"]
[SourceQuality "1"]

1. e4 c5 2. Nf3 d6 3. g3 g6 4. Bg2 Bg7 5. 0-0 Nc6 6. c3 Nf6 7. Re1 Qc7 8. d4 0-0 9. Na3 Nd7 10. d5 Nce5 11. Be3 e6 12. Rc1 c4 13. Nc2 Nc5 14. Bxc5 Qxc5 15. Nb4 Bd7 16. Qe2 Bh6 17. Rcd1 Ba4 18. Rb1 Bd7 1/2-1/2

[Event "Milan Crespi op-A 29th"]
[Site "Milan"]
[Date "2008.12.13"]
[Round "9"]
[White "Massironi, Marco"]
[Black "Borin, Fabio"]
[Result "1-0"]
[WhiteElo "2169"]
[BlackElo "2130"]
[PlyCount "73"]
[EventDate "2008.12.06"]
[EventType "swiss"]
[EventRounds "9"]
[EventCountry "ITA"]
[SourceTitle "CBM 130 Extra"]
[Source "ChessBase"]
[SourceDate "2009.07.02"]
[SourceVersion "2"]
[SourceVersionDate "2009.07.15"]
[SourceQuality "1"]

1. e4 c5 2. Nf3 d6 3. d4 Nf6 4. Nc3 cxd4 5. Nxd4 g6 6. Bg5 Bg7 7. Bb5+ Bd7 8. Qe2 Qa5 9. 0-0-0 0-0 10. Bxf6 Bxf6 11. Bxd7 Nxd7 12. f4 Bxd4 13. Rxd4 Rfc8 14. Kb1 Rxc3 15. bxc3 Nb6 16. Rb4 Na4 17. Qc4 b5 18. Qc6 Rb8 19. h4 Qd8 20. Rh3 Rb6 21. Qd5 Qc7 22. Rxb5 Nxc3+ 23. Rxc3 Qxc3 24. Rxb6 axb6 25. Qb3 Qd4 26. Qf3 e6 27. g3 Kf8 28. Qd3 Qc5 29. Kb2 Ke7 30. Qc3 Qxc3+ 31. Kxc3 e5 32. Kc4 f5 33. Kd5 Kf6 34. Kxd6 exf4 35. e5+ Kf7 36. gxf4 h6 37. Kd7 1-0

[Event "Bratto Martesana op"]
[Site "Bratto"]
[Date "2006.11.18"]
[Round "4"]
[White "Borin, Fabio"]
[Black "Bemporad, Filippo"]
[Result "1-0"]
[WhiteElo "2147"]
[BlackElo "2076"]
[PlyCount "59"]
[EventDate "2006.11.11"]
[EventType "swiss"]
[EventRounds "6"]
[EventCountry "ITA"]
[SourceTitle "EXT 2008"]
[Source "ChessBase"]
[SourceDate "2007.11.25"]
[SourceVersion "1"]
[SourceVersionDate "2007.11.25"]
[SourceQuality "1"]

1. e4 c5 2. Nf3 d6 3. d4 cxd4 4. Nxd4 Nf6 5. f3 a6 6. c4 e6 7. Nc3 Be7 8. Be3 Nc6 9. Qd2 Qc7 10. Nb3 b6 11. Rc1 Ne5 12. Be2 Bb7 13. Na4 Ned7 14. Nc3 Rd8 15. 0-0 0-0 16. Nd4 Ne5 17. g4 Qb8 18. g5 Nfd7 19. f4 Nc6 20. f5 Nxd4 21. Bxd4 exf5 22. exf5 Rfe8 23. Bxg7 Kxg7 24. f6+ Bxf6 25. gxf6+ Kh8 26. Bf3 Rg8+ 27. Kh1 Nxf6 28. Qd4 Rg6 29. Bxb7 Qxb7+ 30. Nd5 1-0

[Event "Padova Weekend op-B 8th"]
[Site "Padova"]
[Date "2005.12.10"]
[Round "1.9"]
[White "Borin, Fabio"]
[Black "Chiodini, Pietro"]
[Result "0-1"]
[WhiteElo "2128"]
[BlackElo "1703"]
[PlyCount "54"]
[EventDate "2005.12.10"]
[EventType "swiss"]
[EventRounds "6"]
[EventCountry "ITA"]
[SourceTitle "EXT 2024"]
[Source "ChessBase"]
[SourceDate "2023.10.10"]
[SourceVersion "1"]
[SourceVersionDate "2023.10.10"]
[SourceQuality "1"]

1. e4 e5 2. Nf3 Bc5 3. Nxe5 Nc6 4. Nxc6 dxc6 5. c3 Qe7 6. f3 f5 7. d4 fxe4 8. dxc5 exf3+ 9. Kf2 Nf6 10. gxf3 0-0 11. Qd4 Ne4+ 12. Kg1 Ng5 13. Bxg5 Qxg5+ 14. Kf2 Bg4 15. Be2 Qh4+ 16. Ke3 Rae8+ 17. Kd2 Rxe2+ 18. Kxe2 Bxf3+ 19. Kd3 Rd8 20. Rf1 Qe4+ 21. Kd2 Qe2+ 22. Kc1 Qxf1+ 23. Kc2 Rxd4 24. cxd4 Be4+ 25. Kc3 Qd3+ 26. Kb4 a5+ 27. Kxa5 Qb5# 0-1